| 000 | 00535nam a2200169Ia 4500 | ||
|---|---|---|---|
| 003 | GCL | ||
| 008 | 140319s9999 xx 000 0 ara d | ||
| 040 |
_aGCL / _cGCL |
||
| 082 | 0 | 4 |
_aع _b615.952 _bم ص |
| 100 | 1 | _aمحمد محب الدين محمد سعد | |
| 245 | 1 | 0 |
_aالسموم الفطرية / _cمحمد محب الدين محمد سعد |
| 260 |
_a[S.N] : _bالهيئة المصرية العامة للكتاب ، _c1990 |
||
| 300 | _a180 ص | ||
| 490 | _a | ||
| 650 | 0 | 4 | _aالسموم الفطرية |
| 942 |
_2ddc _cBK |
||
| 999 |
_c30375 _d30375 |
||